000 00553nam a2200181 i 4500
001 58744
003 ES-MaACL
005 20230906163857.0
007 t|
008 031023s1953 sp |||| | spa d
100 1 _aEfrén de la Madre de Dios.
_946689
245 1 0 _aIntimidades del Carmelo
_b: Carmelitas Descalzos /
_cEfrén de la Madre de Dios.
260 _aZaragoza :
_bCarmelitas Descalzos,
_c1953.
300 _a214 p. ;
_c16 cm.
610 2 _aCarmelitas Descalzos.
_92445
710 2 _aCarmelitas Descalzos.
_92445
852 _aES-MaACL
_jC-6165
999 _c58744
_d58744